[Event "POL-chT 2nd League"]
[Site "Mrzezyno"]
[Date "2011.09.11"]
[Round "9.9"]
[White "Protaziuk, Grzegorz"]
[Black "Pinkas, Karol"]
[Result "1-0"]
[WhiteElo "2353"]
[BlackElo "2320"]
[PlyCount "105"]
[EventDate "2011.09.03"]
[EventType "team-swiss"]
[EventRounds "9"]
[EventCountry "POL"]
[SourceTitle "EXT 2019"]
[Source "ChessBase"]
[SourceDate "2018.10.10"]
[SourceVersion "1"]
[SourceVersionDate "2018.10.10"]
[SourceQuality "1"]
[WhiteTeam "Miedzyborow Wrzos"]
[BlackTeam "Jaworzno JKSz MCKiS"]
[WhiteTeamCountry "POL"]
[BlackTeamCountry "POL"]

1. e4 e5 2. Nf3 Nc6 3. d4 exd4 4. Nxd4 Nf6 5. Nxc6 bxc6 6. e5 Qe7 7. Qe2 Nd5 8. c4 Nb6 9. Nc3 a5 10. Bd2 Qe6 11. Qe4 Bb4 12. Bd3 d5 13. exd6 cxd6 14. 0-0 Qxe4 15. Bxe4 Bd7 16. Bd3 0-0 17. Be3 Bxc3 18. bxc3 Na4 19. Bf4 Nb2 20. Be2 Rfe8 21. Rfe1 Re4 22. Bxd6 Rae8 23. Kf1 Bf5 24. Bf3 Rxe1+ 25. Rxe1 Bd3+ 26. Be2 Nxc4 27. Bf4 Bxe2+ 28. Rxe2 Kf8 29. Rxe8+ Kxe8 30. Ke2 Kd7 31. Kd3 Nb6 32. Kd4 Nd5 33. Bg3 Nb6 34. f3 Nd5 35. a3 Ne7 36. Bf4 Ng6 37. Bg3 Ne7 38. Bf2 Kd6 39. g4 Nd5 40. Bg3+ Kd7 41. c4 Nb6 42. Be1 a4 43. Kc5 Nc8 44. Bg3 f5 45. Kb4 fxg4 46. fxg4 g6 47. Kxa4 Nb6+ 48. Kb4 h5 49. gxh5 gxh5 50. a4 Kc8 51. a5 Nd7 52. a6 h4 53. Bd6 1-0

[Event "POL-chT 2st League"]
[Site "Mrzezyno"]
[Date "2010.09.05"]
[Round "2.63"]
[White "Protaziuk, Grzegorz"]
[Black "Purzycki, Jan Dawid"]
[Result "1-0"]
[WhiteElo "2353"]
[BlackElo "2011"]
[PlyCount "157"]
[EventDate "2010.09.04"]
[EventType "team-swiss"]
[EventRounds "9"]
[EventCountry "POL"]
[SourceTitle "EXT 2019"]
[Source "ChessBase"]
[SourceDate "2018.10.10"]
[SourceVersion "1"]
[SourceVersionDate "2018.10.10"]
[SourceQuality "1"]
[WhiteTeam "Miedzyborow Wrzos"]
[BlackTeam "Poznan Lech"]
[WhiteTeamCountry "POL"]
[BlackTeamCountry "POL"]

1. e4 e6 2. d3 d5 3. Nd2 c5 4. Ngf3 Nf6 5. g3 Nc6 6. Bg2 Be7 7. 0-0 0-0 8. Re1 dxe4 9. Nxe4 Nxe4 10. Rxe4 b6 11. Re1 Bb7 12. Bd2 Bf6 13. Rb1 Qd7 14. a3 Rac8 15. Bf4 Nd4 16. Ne5 Bxe5 17. Bxe5 Bxg2 18. Kxg2 Qd5+ 19. f3 Rfd8 20. Re4 Nc6 21. Bc3 e5 22. Qe2 f6 23. Qf2 Rc7 24. Rbe1 Ne7 25. b3 Nf5 26. Bb2 b5 27. Bc3 Rdc8 28. Kg1 c4 29. dxc4 bxc4 30. b4 Nd6 31. R4e3 Nb5 32. f4 Nxc3 33. Rxc3 exf4 34. Qxf4 Rd7 35. Rce3 Qd4 36. Qxd4 Rxd4 37. Re7 a5 38. bxa5 Ra8 39. Rb1 h5 40. Rbb7 Rg4 41. Rb5 h4 42. Kg2 hxg3 43. hxg3 Rd4 44. Kh3 Rd2 45. Rbb7 Rxa5 46. Rxg7+ Kh8 47. Rh7+ Kg8 48. Rhc7 Rh5+ 49. Kg4 Rg5+ 50. Kf3 Rd8 51. Rxc4 Ra8 52. a4 Rga5 53. Rg4+ Kh8 54. Rb5 f5 55. Rh4+ Kg8 56. Rxa5 Rxa5 57. Rb4 Rc5 58. c4 Kf7 59. Ke3 Ke6 60. Kd4 Ra5 61. c5 Ra8 62. Rc4 Rg8 63. c6 Rxg3 64. Kc5 Rg4 65. a5 Rxc4+ 66. Kxc4 Kd6 67. Kb5 f4 68. Kb6 f3 69. c7 f2 70. c8Q f1Q 71. Qc7+ Ke6 72. Qc6+ Ke7 73. a6 Qb1+ 74. Kc7 Qa2 75. Kb8 Qg8+ 76. Qc8 Qa2 77. a7 Kd6 78. a8Q Qb3+ 79. Qab7 1-0

[Event "POL-chT 2st League"]
[Site "Mrzezyno"]
[Date "2010.09.04"]
[Round "1.33"]
[White "Maciaga, Marcin"]
[Black "Protaziuk, Grzegorz"]
[Result "1-0"]
[WhiteElo "2207"]
[BlackElo "2353"]
[PlyCount "63"]
[EventDate "2010.09.04"]
[EventType "team-swiss"]
[EventRounds "9"]
[EventCountry "POL"]
[SourceTitle "EXT 2019"]
[Source "ChessBase"]
[SourceDate "2018.10.10"]
[SourceVersion "1"]
[SourceVersionDate "2018.10.10"]
[SourceQuality "1"]
[WhiteTeam "Zielonka Zieloni"]
[BlackTeam "Miedzyborow Wrzos"]
[WhiteTeamCountry "POL"]
[BlackTeamCountry "POL"]

1. e4 c5 2. Nc3 e6 3. Nf3 a6 4. d4 cxd4 5. Nxd4 b5 6. Bd3 Qb6 7. Nf3 Nc6 8. 0-0 d6 9. a4 b4 10. Nb1 Nf6 11. Nbd2 d5 12. exd5 exd5 13. Nb3 Be7 14. Be3 Qc7 15. Nbd4 Nxd4 16. Bxd4 0-0 17. Be5 Qb6 18. a5 Qb7 19. Nd4 Bg4 20. f3 Bh5 21. Nf5 Bg6 22. Re1 Bc5+ 23. Kh1 Qc6 24. Qd2 Rfe8 25. Qg5 Re6 26. Re2 Rae8 27. Rae1 Nd7 28. Bd4 f6 29. Qd2 Rxe2 30. Rxe2 Bxd4 31. Rxe8+ Bxe8 32. Ne7+ 1-0

[Event "POL-chT 1st League"]
[Site "Ustron"]
[Date "2009.09.20"]
[Round "9.8"]
[White "Protaziuk, Grzegorz"]
[Black "Warszawski, Bartosz"]
[Result "1-0"]
[WhiteElo "2350"]
[BlackElo "2292"]
[PlyCount "83"]
[EventDate "2009.09.12"]
[EventType "team-swiss"]
[EventRounds "9"]
[EventCountry "POL"]
[SourceTitle "EXT 2019"]
[Source "ChessBase"]
[SourceDate "2018.10.10"]
[SourceVersion "1"]
[SourceVersionDate "2018.10.10"]
[SourceQuality "1"]
[WhiteTeam "Miedzyborow Wrzos"]
[BlackTeam "Warszawa YMCA"]
[WhiteTeamCountry "POL"]
[BlackTeamCountry "POL"]

1. e4 c5 2. Nf3 e6 3. d4 cxd4 4. Nxd4 Nc6 5. Nc3 Qc7 6. Be3 a6 7. Qd2 Nf6 8. 0-0-0 Bb4 9. f3 Ne5 10. Nb3 b5 11. Qd4 Be7 12. Qb6 Qxb6 13. Bxb6 Nc6 14. Be2 0-0 15. Bc5 Bxc5 16. Nxc5 Rd8 17. f4 d6 18. e5 dxc5 19. Rxd8+ Nxd8 20. exf6 Bb7 21. fxg7 Kxg7 22. Rd1 Kf8 23. g4 Ke7 24. Bd3 h6 25. Be4 Nc6 26. h4 f6 27. f5 Rd8 28. Re1 e5 29. g5 hxg5 30. hxg5 fxg5 31. Rh1 Kd6 32. Rh6+ Kc7 33. Rh7+ Kb8 34. Rg7 Na5 35. f6 Rf8 36. f7 Kc7 37. Nd5+ Kd7 38. Nf6+ Ke7 39. Ne8 Kd8 40. Bg6 Bd5 41. Nf6 Be6 42. Nh7 1-0

[Event "POL-chT 2nd League"]
[Site "Ustron"]
[Date "2008.09.12"]
[Round "6.3"]
[White "Budrewicz, Krzysztof"]
[Black "Protaziuk, Grzegorz"]
[Result "1/2-1/2"]
[WhiteElo "2333"]
[BlackElo "2328"]
[PlyCount "102"]
[EventDate "2008.09.06"]
[EventType "team-swiss"]
[EventRounds "9"]
[EventCountry "POL"]
[SourceTitle "EXT 2015"]
[Source "ChessBase"]
[SourceDate "2014.11.20"]
[SourceVersion "1"]
[SourceVersionDate "2014.11.20"]
[SourceQuality "1"]
[WhiteTeam "Ostroda Ostrodzianka"]
[BlackTeam "Miedzyborow Wrzos"]
[WhiteTeamCountry "POL"]
[BlackTeamCountry "POL"]

1. d4 Nf6 2. c4 c5 3. d5 b5 4. Nf3 Bb7 5. a4 Qa5+ 6. Bd2 b4 7. Qc2 d6 8. e4 Nbd7 9. Bd3 g6 10. 0-0 Bg7 11. h3 0-0 12. Bf4 Nh5 13. Bh2 Ne5 14. Be2 Nxf3+ 15. Bxf3 Nf6 16. Nd2 Qc7 17. Be2 e5 18. dxe6 fxe6 19. e5 dxe5 20. Bf3 Bxf3 21. Nxf3 Nh5 22. Qe4 Nf4 23. Rad1 Rad8 24. b3 Rf5 25. Kh1 Rdf8 26. Ng1 R5f7 27. f3 Rd7 28. Ne2 Nxe2 29. Qxe2 Rfd8 30. Bg1 Qc6 31. Rxd7 Rxd7 32. Rd1 Rxd1 33. Qxd1 Bf8 34. Qd3 Kf7 35. Bf2 Be7 36. Kg1 Qd6 37. Qxd6 Bxd6 38. Bh4 h6 39. Kf2 e4 40. Ke3 exf3 41. gxf3 g5 42. Bf2 Kg6 43. Ke4 Kh5 44. Be1 Kg6 45. Bf2 Kf7 46. Be1 Kf6 47. Bf2 Ke7 48. Be3 Kd7 49. Bf2 Kc6 50. Be3 Bg3 51. Bg1 Bd6 1/2-1/2

[Event "POL-chT 2nd League"]
[Site "Ustron"]
[Date "2008.09.06"]
[Round "1.87"]
[White "Protaziuk, Grzegorz"]
[Black "Sokolowski, Krzysztof"]
[Result "1/2-1/2"]
[WhiteElo "2328"]
[BlackElo "2021"]
[PlyCount "78"]
[EventDate "2008.09.06"]
[EventType "team-swiss"]
[EventRounds "9"]
[EventCountry "POL"]
[SourceTitle "EXT 2015"]
[Source "ChessBase"]
[SourceDate "2014.11.20"]
[SourceVersion "1"]
[SourceVersionDate "2014.11.20"]
[SourceQuality "1"]
[WhiteTeam "Miedzyborow Wrzos"]
[BlackTeam "Lomza Devo Maraton"]
[WhiteTeamCountry "POL"]
[BlackTeamCountry "POL"]

1. Nc3 d5 2. d4 Nf6 3. Bg5 e6 4. e4 dxe4 5. Bxf6 Qxf6 6. Nxe4 Qd8 7. Nf3 Be7 8. Bd3 Nd7 9. 0-0 Nf6 10. Nxf6+ Bxf6 11. c3 0-0 12. Qe2 Qd5 13. Rfe1 c5 14. dxc5 Qxc5 15. Rad1 Qc7 16. Bb1 g6 17. h4 Bd7 18. Ng5 Bc6 19. Qg4 Rad8 20. h5 Rxd1 21. Rxd1 Qe5 22. Ne4 Bxe4 23. Qxe4 Qxh5 24. Bc2 Qb5 25. Bb3 Rd8 26. Re1 Qd7 27. Qf3 Qe7 28. Re2 Kg7 29. g3 b6 30. Kg2 Rd6 31. Qa8 Qd7 32. Qf3 Rd3 33. Qa8 h5 34. Qe4 Rd2 35. Rxd2 Qxd2 36. Qb7 Qxb2 37. Bxe6 Qxc3 38. Bxf7 Qc5 39. Qxa7 Qe7 1/2-1/2

[Event "Warsaw Najdorf Memorial op-A"]
[Site "Warsaw"]
[Date "2008.08.08"]
[Round "7"]
[White "Protaziuk, Grzegorz"]
[Black "Al Huwar, Jasem"]
[Result "1-0"]
[WhiteElo "2328"]
[BlackElo "2260"]
[PlyCount "57"]
[EventDate "2008.08.02"]
[EventType "swiss"]
[EventRounds "9"]
[EventCountry "POL"]
[SourceTitle "CBM 125 Extra"]
[Source "ChessBase"]
[SourceDate "2008.09.01"]
[SourceVersion "1"]
[SourceVersionDate "2008.09.01"]
[SourceQuality "1"]

1. e4 g6 2. d4 Bg7 3. Nc3 d6 4. f4 Nf6 5. Nf3 0-0 6. Bd3 Na6 7. 0-0 c5 8. d5 Bg4 9. Qe1 Nb4 10. Qg3 Nxd3 11. cxd3 Bxf3 12. Qxf3 e6 13. f5 Nd7 14. Bf4 Qb6 15. dxe6 fxe6 16. fxe6 Ne5 17. Qh3 Rxf4 18. Rxf4 Qxb2 19. Raf1 g5 20. e7 h6 21. Qe6+ Kh7 22. Rf8 Bxf8 23. exf8Q Rxf8 24. Rxf8 Qc1+ 25. Rf1 Qxc3 26. Qe7+ Kg6 27. Rf6+ Kh5 28. Qe8+ Kh4 29. g3+ 1-0

[Event "Rome Accademia op 04"]
[Site "Rome"]
[Date "2008.04.19"]
[Round "4"]
[White "Quimi, Marco"]
[Black "Protaziuk, Grzegorz"]
[Result "1-0"]
[WhiteElo "2253"]
[BlackElo "2335"]
[PlyCount "40"]
[EventDate "2008.04.18"]
[EventType "swiss"]
[EventRounds "5"]
[EventCountry "ITA"]
[SourceTitle "EXT 2011"]
[Source "ChessBase"]
[SourceDate "2010.11.26"]
[SourceVersion "1"]
[SourceVersionDate "2010.11.26"]
[SourceQuality "1"]

1. e4 c5 2. Nf3 e6 3. d4 cxd4 4. Nxd4 a6 5. Nc3 b5 6. g3 Qc7 7. Bg2 Bb7 8. 0-0 d6 9. Re1 Nf6 10. a4 b4 11. Nd5 exd5 12. exd5+ Kd8 13. Bg5 Be7 14. Nf5 Re8 15. Nxg7 Rf8 16. Qd4 Nxd5 17. Rxe7 Nxe7 18. Re1 Nbc6 19. Qf6 Ne5 20. Bxb7 Ra7 1-0